Подробности
| 000 -МАРКЕР |
| контрольное поле |
01247nam0a22002651 4500 |
| 001 - ИДЕНТИФИКАТОР ЗАПИСИ |
| контрольное поле |
rc\2790140 |
| 005 - ИДЕНТИФИКАТОР ВЕРСИИ |
| контрольное поле |
20250529170726.0 |
| 035 ## - ДРУГИЕ СИСТЕМНЫЕ НОМЕРА |
| Идентификатор записи |
(NLR Aleph) 006916265 |
| 100 ## - ДАННЫЕ ОБЩЕЙ ОБРАБОТКИ |
| Данные общей обработки |
20110915d1935 |||y0rusy50 ca |
| 101 0# - ЯЗЫК РЕСУРСА |
| Язык текста, звукозаписи и т.д. |
русский |
| 102 ## - СТРАНА ПУБЛИКАЦИИ ИЛИ ПРОИЗВОДСТВА |
| Страна публикации |
Российская Федерация |
| 105 ## - ПОЛЕ КОДИРОВАННЫХ ДАННЫХ: ТЕКСТОВЫЕ МАТЕРИАЛЫ, МОНОГРАФИЧЕСКИЕ |
| Кодированные данные о монографическом текстовом документе |
abc z ||||| |
| 200 1# - ЗАГЛАВИЕ И СВЕДЕНИЯ ОБ ОТВЕТСТВЕННОСТИ |
| Основное заглавие |
Крылатые агитаторы |
| Сведения, относящиеся к заглавию |
Агитационная эскадрилья им. Максима Горького |
| Первые сведения об ответственности |
А. К. Розовский |
| Последующие сведения об ответственности |
Под ред. и с пред. С. Б. Урицкого |
| 210 ## - ПУБЛИКАЦИЯ, РАСПРОСТРАНЕНИЕ И ДР. |
| Место издания, распространения и т.д. |
Москва |
| -- |
Ленинград |
| Имя издателя, распространителя и т. д. |
Онти. Глав. ред. науч.-попул. и юношеской лит-ры |
| Дата издания, распространения и т.д. |
1935 |
| Место изготовления |
Москва |
| Имя изготовителя |
тип. им. Сталина |
| 215 ## - ФИЗИЧЕСКАЯ ХАРАКТЕРИСТИКА |
| Специфическое обозначение материала и объем |
Обл., 110, [2] с. |
| Другие сведения о физической характеристике |
ил., карт., портр. |
| Размеры |
22 см. |
| 320 ## - ПРИМЕЧАНИЯ О НАЛИЧИИ В ДОКУМЕНТЕ БИБЛИОГРАФИИ / УКАЗАТЕЛЯ |
| Текст примечания |
Библиогр.: литература (5 назв.) |
| 700 #1 - ИМЯ ЛИЦА - ПЕРВИЧНАЯ ОТВЕТСТВЕННОСТЬ |
| Начальный элемент ввода |
Розовский |
| Часть имени, кроме начального элемента ввода |
А.К. |
| Расширение инициалов личного имени |
Александр Константинович |
| 702 #1 - ИМЯ ЛИЦА - ВТОРИЧНАЯ ОТВЕТСТВЕННОСТЬ |
| Код отношения |
Редактор |
| -- |
Автор введения, предисловия, примечания и т.п. |
| Начальный элемент ввода |
Урицкий |
| Часть имени, кроме начального элемента ввода |
С. Б. |
| Дополнения к именам, кроме дат |
парт. деятель, журналист |
| Даты |
1893-1940 |
| Расширение инициалов личного имени |
Семен Борисович |
| Системный номер авторитетной/нормативной записи |
174013 |
| Идентификатор авторитетной/нормативной записи |
RU\NLR\AUTH\770174064 |
| 801 #0 - ИСТОЧНИК ЗАПИСИ |
| Страна |
Российская Федерация |
| Организация |
NLR |
| Правила каталогизации |
psbo |
| 801 #1 - ИСТОЧНИК ЗАПИСИ |
| Страна |
Российская Федерация |
| Организация |
ELAR |
| Источник данных |
rusmarc |
| 852 ## - МЕСТОНАХОЖДЕНИЕ И ШИФР ХРАНЕНИЯ |
| Идентификатор организации |
NLR |
| Шифр хранения (Call Number) |
35-3/249 |
| 942 ## - ДОПОЛНИТЕЛЬНЫЕ ЭЛЕМЕНТЫ ЗАПИСИ (АБИС) |
| Тип экземпляра АБИС |
Книга |
| 980 ## - КОЛЛЕКЦИЯ |
| Название коллекции |
Национальная библиография |